Last Syllable Chain Quiz #2 - Statistics

General Stats
  • This quiz has been taken 47 times
  • The average score is 13 of 24
Answer Stats
Hint Answer % Correct
The number after 79 Eighty
95%
To die and be reborn in another body Reincarnate
85%
A trap for catching and usually killing mice Mousetrap
80%
A tower or other structure containing a beacon to warn or guide ships at sea Lighthouse
73%
A high hanging swing used by acrobats in a circus Trapeze
73%
A barrier, railing, or other upright structure, typically of wood or wire. Plural form Fences
68%
A brief statement or account of the main points of something Summary
68%
A small, pale, soft-bodied insect that feeds on wood and lives in large colonies Termite
68%
The act of a group of people working together for a common goal Teamwork
65%
To break free from confinement or control Escape
63%
Having a strong scent or taste of mint Minty
60%
Irritating; annoying Irksome
55%
A deep, narrow, vertical hole that gives access to a mine Mineshaft
55%
A measurement used in cooking, equivalent to 1/6 fluid ounce Teaspoon
55%
The sound of laughing Laughter
53%
A collection of beehives Apiary
50%
A slender piece of metal with a point at one end and a hole for thread at the other Needle
48%
An area or division, especially part of a country or the world Region
45%
The superlative of lacking interest or excitement Dullest
35%
Direct sunlight unbroken by cloud cover Sunshine
35%
Crazy or silly Loony
33%
A right to cross or otherwise use someone else's land for a specified purpose Easement
30%
A point where two or more things are joined Junction
23%
An annual celebration or anniversary Festival
13%
No matching quizzes found
Score Distribution
Percent of People with Each Score
Percentile by Number Answered
Your Score History
You have not taken this quiz